| 000 | 00727nac a22002171u 4500 | ||
|---|---|---|---|
| 010 | _a87015616 | ||
| 020 | _a981243660x | ||
| 082 | 0 | 0 |
_a658.15 _bBRI |
| 090 |
_c9698 _d9698 |
||
| 100 | _aBrigham, Eugene F., | ||
| 245 | 1 | 0 |
_aFinancial management : theory and practice: CD / _cEugene F. Brigham ; Ehrhardt |
| 250 | _a10th ed. | ||
| 260 |
_aAustralia : _bThomson/South-Western,2002. _cc2002. |
||
| 300 | _f1 CD-RM (4 3/4 in.) | ||
| 500 | _aAudiovisuals | ||
| 511 | _aCatalogued by: Sara | ||
| 650 | 0 |
_aCorporations _xFinance. |
|
| 700 | 1 | _aEhrhardt. | |
| 942 |
_cCDB _k658.15BRI |
||
| 999 |
_c9698 _d9698 |
||